Sports Quiz

Random Sports Quiz

Cubs year-by-year saves leaders Quiz Stats

 Plays Quiz not verified by Sporcle

Score 0/25 Timer 06:00
0 Plays Today
year name % Correct
2008Kerry Wood
90.7%
1985Lee Smith
79%
1986Lee Smith
79%
1987Lee Smith
79%
1991Dave Smith
77.8%
1998Rod Beck
74.5%
2005Ryan Dempster
70.3%
2006Ryan Dempster
70.3%
2007Ryan Dempster
70.3%
2009Kevin Gregg
68.7%
1993Randy Myers
59.2%
1994Randy Myers
59.2%
1995Randy Myers
59.2%
year name % Correct
2003Joe Borowski
55.4%
1989Mitch Williams
43.6%
1990Mitch Williams
43.6%
2002Antonio Alfonseca
34.1%
2004LaTroy Hawkins
33.1%
2000Rick Aguilera
29.1%
2001Tom Gordon
23.8%
1988Rich Gossage
21%
1997Terry Adams
14.1%
1999Terry Adams
14.1%
1996Turk Wendell
10.3%
1992Bob Scanlan
7.7%

You're not logged in!

Compare scores with friends on all Sporcle quizzes.
OR
Log In

Show Comments

Extras

Created Sep 30, 2009SourceReportNominate
Tags:1985, Chicago Cubs, save

Top Quizzes Today


Score Distribution

Your Account Isn't Verified!

In order to create a playlist on Sporcle, you need to verify the email address you used during registration. Go to your Sporcle Settings to finish the process.

Report this User

Report this user for behavior that violates our Community Guidelines.

Details: